[Event "Cerdanyola del Valles op 24th"]
[Site "Cerdanyola del Valles"]
[Date "2016.10.01"]
[Round "1"]
[White "Vazquez Gamero, Miguel"]
[Black "Soto Balastegui, Victor"]
[Result "1-0"]
[WhiteElo "2072"]
[BlackElo "1764"]
[PlyCount "65"]
[EventDate "2016.10.01"]
[EventType "swiss"]
[EventRounds "8"]
[EventCountry "ESP"]
[SourceTitle "EXT 2018"]
[Source "ChessBase"]
[SourceDate "2017.10.13"]
[SourceVersion "1"]
[SourceVersionDate "2017.10.13"]
[SourceQuality "1"]

1. e4 d6 2. d4 g6 3. Nf3 c6 4. Nc3 b5 5. Bg5 f6 6. Be3 Nh6 7. h3 Bg7 8. Qd2 Nf7 9. Bd3 Nd7 10. 0-0 0-0 11. Rad1 a6 12. Ne2 Nb6 13. b3 d5 14. Rfe1 dxe4 15. Bxe4 Nd5 16. c4 Nxe3 17. Qxe3 Bh6 18. Qd3 Qc7 19. Bxg6 hxg6 20. Qxg6+ Bg7 21. Ng3 Nh8 22. Qh5 Qd7 23. Re4 Qe8 24. Qc5 Rf7 25. Rde1 Ng6 26. Qh5 f5 27. Ng5 fxe4 28. Qxg6 e6 29. Rxe4 Qe7 30. Rh4 Kf8 31. Nh5 Bf6 32. Nxf6 Qxf6 33. Nh7+ 1-0

[Event "Sant Adria de Besos op 12th"]
[Site "Sant Adria de Besos"]
[Date "2016.05.08"]
[Round "3"]
[White "Vazquez Gamero, Miguel"]
[Black "Capellades Subirana, Marc"]
[Result "0-1"]
[WhiteElo "2225"]
[BlackElo "2339"]
[PlyCount "46"]
[EventDate "2016.04.10"]
[EventType "swiss"]
[EventRounds "9"]
[EventCountry "ESP"]
[SourceTitle "EXT 2017"]
[Source "ChessBase"]
[SourceDate "2016.10.25"]
[SourceVersion "1"]
[SourceVersionDate "2016.10.25"]
[SourceQuality "1"]

1. e4 e5 2. Nf3 Nc6 3. c3 d5 4. Qa4 f6 5. Bb5 Nge7 6. exd5 Qxd5 7. 0-0 e4 8. Ne1 Bd7 9. f3 exf3 10. Nxf3 0-0-0 11. d4 a6 12. Be2 g5 13. Qd1 g4 14. Ne1 f5 15. Nd3 Ng6 16. Nf4 Nxf4 17. Bxf4 Bg7 18. Qb3 Qe4 19. Nd2 Qxe2 20. Nc4 Be6 21. Nb6+ cxb6 22. Qxb6 Rd7 23. Rfe1 Qc4 0-1

[Event "Cerdanyola del Valles Regional-ch"]
[Site "Cerdanyola del Valles"]
[Date "2015.??.??"]
[Round "6"]
[White "Vazquez Gamero, Miguel"]
[Black "Font Piera, Gabriel"]
[Result "1/2-1/2"]
[WhiteElo "2221"]
[BlackElo "1997"]
[PlyCount "101"]
[EventDate "2015.10.03"]
[EventType "swiss"]
[EventRounds "8"]
[EventCountry "ESP"]
[SourceTitle "CBM 169 Extra"]
[Source "ChessBase"]
[SourceDate "2015.12.18"]
[SourceVersion "1"]
[SourceVersionDate "2015.12.18"]
[SourceQuality "1"]

1. e4 e5 2. Nf3 Nc6 3. c3 Nf6 4. d4 Nxe4 5. d5 Ne7 6. Nxe5 Ng6 7. Bd3 Nc5 8. Bxg6 hxg6 9. 0-0 d6 10. Nf3 Be7 11. Be3 g5 12. Re1 Kf8 13. Na3 g4 14. Nd4 Bf6 15. Nc4 Ne4 16. Bf4 Bxd4 17. Qxd4 f5 18. Rad1 Qh4 19. Nd2 Ng5 20. Qe3 Kf7 21. Qe7+ Kg6 22. Qxc7 Nh3+ 23. gxh3 gxh3 24. Qxd6+ Kh7 25. Kh1 Rd8 26. Bg3 Rxd6 27. Bxh4 f4 28. Nf3 Bg4 29. Ng5+ Kg6 30. f3 Kh5 31. Rg1 Bf5 32. Bf2 Re8 33. Nf7 Rg6 34. Rxg6 Bxg6 35. Nd6 Re2 36. Bxa7 Rxb2 37. Nc4 Rxa2 38. Bd4 b5 39. Ne5 Bf5 40. Rg1 g5 41. d6 b4 42. cxb4 Rd2 43. Bc5 Bc8 44. Re1 Bb7 45. d7 g4 46. Kg1 g3 47. Be7 Rg2+ 48. Kh1 Rxh2+ 49. Kg1 Rg2+ 50. Kh1 Rh2+ 51. Kg1 1/2-1/2

[Event "Barcelona Catalunya op 26th"]
[Site "Barcelona"]
[Date "2014.11.15"]
[Round "7"]
[White "Vazquez Gamero, Miguel"]
[Black "Capellades Subirana, Marc"]
[Result "1/2-1/2"]
[WhiteElo "2223"]
[BlackElo "2311"]
[PlyCount "111"]
[EventDate "2014.09.27"]
[EventType "swiss"]
[EventRounds "9"]
[EventCountry "ESP"]
[SourceTitle "EXT 2017"]
[Source "ChessBase"]
[SourceDate "2016.10.25"]
[SourceVersion "1"]
[SourceVersionDate "2016.10.25"]
[SourceQuality "1"]

1. e4 e5 2. Nf3 Nc6 3. Bb5 Nf6 4. d3 d6 5. 0-0 Bd7 6. Re1 Be7 7. Nbd2 0-0 8. Nf1 Ne8 9. Ne3 g6 10. Nd5 Bf6 11. Nxf6+ Qxf6 12. Bg5 Qe6 13. Bc4 Qg4 14. c3 Kg7 15. Qd2 Qh5 16. d4 f6 17. Be3 g5 18. dxe5 Nxe5 19. Nxe5 fxe5 20. Bxg5 Nf6 21. Bxf6+ Rxf6 22. Re3 Raf8 23. Rg3+ Rg6 24. Qe3 b6 25. Re1 Rff6 26. Bb3 Bg4 27. Qd3 Be6 28. Bxe6 Rxe6 29. Qc4 Re7 30. Rxg6+ hxg6 31. Qa4 Qg5 32. Qc2 Rf7 33. Re3 Rf4 34. h3 Qe7 35. g3 Rf8 36. Kg2 Qe6 37. Qa4 Qf7 38. f3 a5 39. Qc6 Qe7 40. b4 Qf7 41. Qa4 Qc4 42. h4 Rf7 43. Qa3 Rf8 44. Qb3 Qxb3 45. axb3 Ra8 46. bxa5 Rxa5 47. c4 Ra2+ 48. Kh3 Rf2 49. Kg4 Kf6 50. Rc3 Rb2 51. f4 exf4 52. gxf4 Re2 53. Kf3 Rh2 54. Kg3 Re2 55. Kf3 Rh2 56. Kg3 1/2-1/2

[Event "Barcelona Catalunya op 26th"]
[Site "Barcelona"]
[Date "2014.10.18"]
[Round "4"]
[White "Hernando Rodrigo, Julio Antonio"]
[Black "Vazquez Gamero, Miguel"]
[Result "1-0"]
[WhiteElo "2386"]
[BlackElo "2223"]
[PlyCount "61"]
[EventDate "2014.09.27"]
[EventType "swiss"]
[EventRounds "9"]
[EventCountry "ESP"]
[SourceTitle "EXT 2017"]
[Source "ChessBase"]
[SourceDate "2016.10.25"]
[SourceVersion "1"]
[SourceVersionDate "2016.10.25"]
[SourceQuality "1"]

1. d4 Nf6 2. Nf3 e6 3. c4 Bb4+ 4. Bd2 Qe7 5. g3 0-0 6. Nc3 c5 7. Bg2 cxd4 8. Nxd4 Nc6 9. Nb3 Ne5 10. a3 Bd6 11. Bg5 Bc7 12. Ne4 Neg4 13. h3 Ne5 14. Qd4 d5 15. cxd5 exd5 16. Bxf6 gxf6 17. Nc3 Bb6 18. Nxd5 Qe6 19. Nxb6 axb6 20. Qd5 Qe7 21. Qe4 Be6 22. Nd4 Ra4 23. Nc6 bxc6 24. Qxa4 Bc4 25. 0-0 Bxe2 26. Rfe1 Bb5 27. Qh4 Rd8 28. Be4 Qe6 29. Qxh7+ Kf8 30. a4 Bc4 31. Qf5 1-0

[Event "Sant Adria de Besos op 10th"]
[Site "Sant Adria de Besos"]
[Date "2014.06.15"]
[Round "7"]
[White "Vazquez Gamero, Miguel"]
[Black "Hurtado Insa, Francesco"]
[Result "1-0"]
[WhiteElo "2078"]
[BlackElo "1747"]
[PlyCount "91"]
[EventDate "2014.05.04"]
[EventType "swiss"]
[EventRounds "8"]
[EventCountry "ESP"]
[SourceTitle "EXT 2015"]
[Source "ChessBase"]
[SourceDate "2014.11.20"]
[SourceVersion "1"]
[SourceVersionDate "2014.11.20"]
[SourceQuality "1"]

1. e4 e6 2. d4 d5 3. Nc3 Nf6 4. Bg5 Bb4 5. e5 h6 6. Be3 Ne4 7. Qg4 g6 8. Nge2 Nc6 9. a3 h5 10. Qh3 Ng5 11. Bxg5 Bxc3+ 12. Nxc3 Qxg5 13. Rd1 a6 14. Be2 Bd7 15. 0-0 f5 16. exf6 Qxf6 17. Qe3 0-0-0 18. b4 Na7 19. a4 c6 20. Ra1 Kb8 21. b5 cxb5 22. axb5 axb5 23. Qg3+ e5 24. dxe5 Qe6 25. Qe3 d4 26. Qxd4 Nc8 27. Qe3 Bc6 28. Bxb5 g5 29. Rfb1 h4 30. Bxc6 Qxc6 31. Qe4 Qxe4 32. Nxe4 Rhg8 33. Nc5 b6 34. Nd3 Rg6 35. Re1 Re6 36. Rab1 Kc7 37. h3 Ne7 38. Rbd1 Ng6 39. Ra1 Kc6 40. Ra7 Rde8 41. Nb4+ Kc5 42. Rc7+ Kb5 43. Nd3 R8e7 44. Rb1+ Ka5 45. Ra1+ Kb5 46. c4# 1-0

[Event "Sant Adria de Besos op 10th"]
[Site "Sant Adria de Besos"]
[Date "2014.06.01"]
[Round "5"]
[White "Vazquez Gamero, Miguel"]
[Black "Capellades Subirana, Marc"]
[Result "0-1"]
[WhiteElo "2078"]
[BlackElo "2245"]
[PlyCount "70"]
[EventDate "2014.05.04"]
[EventType "swiss"]
[EventRounds "8"]
[EventCountry "ESP"]
[SourceTitle "EXT 2015"]
[Source "ChessBase"]
[SourceDate "2014.11.20"]
[SourceVersion "1"]
[SourceVersionDate "2014.11.20"]
[SourceQuality "1"]

1. e4 e5 2. Nf3 Nc6 3. c3 d5 4. Qa4 f6 5. Bb5 Nge7 6. exd5 Qxd5 7. 0-0 Be6 8. d4 a6 9. c4 Qd8 10. Bxc6+ bxc6 11. dxe5 Qd3 12. exf6 gxf6 13. Na3 Rg8 14. Be3 Bh3 15. g3 Qe4 16. Nh4 Bxf1 17. Rxf1 Qxh4 18. Bc5 Qe4 19. Nc2 Kf7 20. Re1 Qf5 21. Bxe7 Bxe7 22. Qxc6 Bc5 23. Qxc7+ Kg6 24. Ne3 Bxe3 25. Rxe3 Rge8 26. Re7 Rxe7 27. Qxe7 Qe5 28. Qd7 Re8 29. c5 Qe1+ 30. Kg2 Qe6 31. Qd1 Qe4+ 32. Kh3 Qf5+ 33. Kg2 Qxc5 34. Qd3+ Qf5 35. Qxa6 Qd5+ 0-1

[Event "Sant Adria de Besos op 10th"]
[Site "Sant Adria de Besos"]
[Date "2014.05.11"]
[Round "2"]
[White "Flores Linan, Josep Luis"]
[Black "Vazquez Gamero, Miguel"]
[Result "1/2-1/2"]
[WhiteElo "1887"]
[BlackElo "2078"]
[PlyCount "110"]
[EventDate "2014.05.04"]
[EventType "swiss"]
[EventRounds "8"]
[EventCountry "ESP"]
[SourceTitle "EXT 2015"]
[Source "ChessBase"]
[SourceDate "2014.11.20"]
[SourceVersion "1"]
[SourceVersionDate "2014.11.20"]
[SourceQuality "1"]

1. d4 Nf6 2. c4 e6 3. Nf3 Bb4+ 4. Bd2 Qe7 5. g3 0-0 6. Bg2 Bxd2+ 7. Qxd2 d6 8. Nc3 e5 9. 0-0 Nbd7 10. e3 Nb6 11. b3 c6 12. dxe5 dxe5 13. Rfd1 a5 14. Ng5 Bg4 15. f3 Bh5 16. Qd6 Rfe8 17. Nge4 Nxe4 18. Nxe4 f5 19. Qxe7 Rxe7 20. Nd6 Rf8 21. Rd2 f4 22. e4 fxg3 23. hxg3 Rc7 24. c5 Nd7 25. g4 Bg6 26. Rc1 h5 27. Nf5 Nf6 28. Rd6 hxg4 29. fxg4 Bf7 30. Bf3 Nh7 31. Kf2 Ng5 32. a3 Bxb3 33. Rg6 Nxf3 34. Kxf3 Rf6 35. Rxf6 gxf6 36. Rh1 Rd7 37. Nd6 b6 38. Rh6 bxc5 39. Rxf6 Bd1+ 40. Ke3 Bxg4 41. Nc4 Bd1 42. Rxc6 Bc2 43. Nxe5 Rd4 44. Rxc5 Rxe4+ 45. Kd2 Ba4 46. Rxa5 Kg7 47. Kd3 Rh4 48. Nc4 Bb3 49. Nd2 Ba4 50. Kc3 Kf7 51. Rd5 Ke6 52. Rd4 Rxd4 53. Kxd4 Kd6 54. Kc4 Kc6 55. Ne4 Kb6 1/2-1/2

[Event "Cerdanyola del Valles op 31st"]
[Site "Cerdanyola del Valles"]
[Date "2013.11.30"]
[Round "8"]
[White "Vazquez Gamero, Miguel"]
[Black "Vigo Allepuz, David"]
[Result "1-0"]
[WhiteElo "2078"]
[BlackElo "2050"]
[PlyCount "73"]
[EventDate "2013.10.05"]
[EventType "swiss"]
[EventRounds "8"]
[EventCountry "ESP"]
[SourceTitle "CBM 157 Extra"]
[Source "ChessBase"]
[SourceDate "2013.12.19"]
[SourceVersion "1"]
[SourceVersionDate "2013.12.19"]
[SourceQuality "1"]

1. d4 e6 2. e4 d5 3. Nc3 Nf6 4. Bg5 Be7 5. e5 Nfd7 6. h4 h6 7. Bxe7 Qxe7 8. Qg4 f5 9. Qf4 a6 10. 0-0-0 c5 11. Nf3 Nc6 12. dxc5 Nxc5 13. Bd3 Nxd3+ 14. Rxd3 Bd7 15. Rxd5 exd5 16. Nxd5 Qd8 17. e6 Bxe6 18. Nc7+ Kf7 19. g4 Bxa2 20. Rd1 Qe7 21. Qxf5+ Kg8 22. Nxa8 Be6 23. Qf4 Qf7 24. Qe4 Bd7 25. Nb6 Qe6 26. Qd3 Be8 27. Re1 Qg6 28. Qe3 Bf7 29. Nd7 h5 30. Nde5 Nxe5 31. Qxe5 Kh7 32. Ng5+ Kh6 33. Nxf7+ Qxf7 34. Qg5+ Kh7 35. Re7 Qg6 36. gxh5 Qxg5+ 37. hxg5 1-0

[Event "Sant Adria de Besos op 09th"]
[Site "Sant Adria de Besos"]
[Date "2013.05.19"]
[Round "6"]
[White "Guetas Sanchez, Hugo"]
[Black "Vazquez Gamero, Miguel"]
[Result "1-0"]
[WhiteElo "2163"]
[BlackElo "2058"]
[PlyCount "89"]
[EventDate "2013.04.14"]
[EventType "swiss"]
[EventRounds "9"]
[EventCountry "ESP"]
[SourceTitle "EXT 2015"]
[Source "ChessBase"]
[SourceDate "2014.11.20"]
[SourceVersion "1"]
[SourceVersionDate "2014.11.20"]
[SourceQuality "1"]

1. d4 Nf6 2. c4 e5 3. dxe5 Ne4 4. a3 Nc6 5. Bf4 Bc5 6. e3 g5 7. Bg3 Nxg3 8. hxg3 a5 9. Qc2 h6 10. Nf3 g4 11. Nh2 Nxe5 12. Nxg4 Nxg4 13. Qe4+ Be7 14. Qxg4 d5 15. Qf4 Be6 16. cxd5 Qxd5 17. Qa4+ Bd7 18. Nc3 Bxa4 19. Nxd5 Bd6 20. Nc3 Bd7 21. 0-0-0 0-0-0 22. Bc4 f5 23. Rd5 b6 24. Nb5 Bc5 25. Rhd1 Bxb5 26. Bxb5 Rdf8 27. Bd7+ Kb7 28. Rxf5 Rxf5 29. Bxf5 b5 30. Rd7 Rf8 31. Be4+ Kb6 32. Bf3 Rf6 33. Kd2 Bd6 34. Ke2 a4 35. Be4 Re6 36. Bd3 Be5 37. Rd8 c6 38. Bc2 Bxb2 39. Bxa4 Bxa3 40. Bb3 Rf6 41. e4 Kc5 42. e5 Rf5 43. f4 Kb4 44. Be6 Rh5 45. Bf7 1-0

[Event "Sant Adria de Besos op 09th"]
[Site "Sant Adria de Besos"]
[Date "2013.05.05"]
[Round "4"]
[White "Lacasta Palacio, Joaquim"]
[Black "Vazquez Gamero, Miguel"]
[Result "1-0"]
[WhiteElo "2162"]
[BlackElo "2058"]
[PlyCount "60"]
[EventDate "2013.04.14"]
[EventType "swiss"]
[EventRounds "9"]
[EventCountry "ESP"]
[SourceTitle "EXT 2015"]
[Source "ChessBase"]
[SourceDate "2014.11.20"]
[SourceVersion "1"]
[SourceVersionDate "2014.11.20"]
[SourceQuality "1"]

1. g3 Nf6 2. Bg2 e6 3. e4 c5 4. c3 Nc6 5. d4 cxd4 6. cxd4 Qb6 7. Ne2 Bb4+ 8. Nbc3 e5 9. 0-0 Nxd4 10. Nxd4 exd4 11. Na4 Qa5 12. a3 Be7 13. Qxd4 d6 14. Nc3 0-0 15. Bf4 Rd8 16. Rfd1 Bg4 17. Rd3 h6 18. b4 Qh5 19. f3 Bd7 20. Qf2 a5 21. Nd5 Nxd5 22. Rxd5 Qg6 23. Rxa5 Rxa5 24. bxa5 Bc6 25. Be3 d5 26. Bb6 Re8 27. exd5 Bxd5 28. Re1 Be6 29. f4 Bc8 30. Qd4 Be6 1-0

[Event "Cerdanyola del Valles op 31st"]
[Site "Cerdanyola del Valles"]
[Date "2013.??.??"]
[Round "3"]
[White "Vazquez Gamero, Miguel"]
[Black "Gonzalez Perez, Arian"]
[Result "0-1"]
[WhiteElo "2078"]
[BlackElo "2467"]
[PlyCount "76"]
[EventDate "2013.10.05"]
[EventType "swiss"]
[EventRounds "8"]
[EventCountry "ESP"]
[SourceTitle "CBM 157 Extra"]
[Source "ChessBase"]
[SourceDate "2013.12.19"]
[SourceVersion "1"]
[SourceVersionDate "2013.12.19"]
[SourceQuality "1"]

1. e4 c5 2. Nf3 d6 3. d4 cxd4 4. Nxd4 Nf6 5. Nc3 g6 6. Be3 Bg7 7. Qd2 Nc6 8. f3 0-0 9. 0-0-0 Nxd4 10. Bxd4 Be6 11. Kb1 Qc7 12. g4 Rfc8 13. h4 Qa5 14. a3 Rab8 15. h5 b5 16. Bxf6 Bxf6 17. Nd5 Qxd2 18. Nxf6+ Kg7 19. Rxd2 Kxf6 20. hxg6 hxg6 21. Bd3 Kg5 22. Rdh2 Kf4 23. Rh3 a5 24. Re1 Rh8 25. Reh1 Rxh3 26. Rxh3 b4 27. axb4 axb4 28. b3 Rc8 29. Be2 Ke3 30. Rh2 d5 31. exd5 Bxd5 32. g5 Bxf3 33. Bc4 f6 34. Rh7 fxg5 35. Rxe7+ Kf2 36. Re6 g4 37. Rf6 g3 38. Bd5 Rc3 0-1

[Event "Cerdanyola del Valles op 31st"]
[Site "Cerdanyola del Valles"]
[Date "2013.??.??"]
[Round "5"]
[White "Vazquez Gamero, Miguel"]
[Black "Santiago Abril, Narcis J"]
[Result "1-0"]
[WhiteElo "2078"]
[BlackElo "1872"]
[PlyCount "77"]
[EventDate "2013.10.05"]
[EventType "swiss"]
[EventRounds "8"]
[EventCountry "ESP"]
[SourceTitle "CBM 157 Extra"]
[Source "ChessBase"]
[SourceDate "2013.12.19"]
[SourceVersion "1"]
[SourceVersionDate "2013.12.19"]
[SourceQuality "1"]

1. e4 e5 2. Nf3 Nc6 3. c3 Bc5 4. d4 exd4 5. cxd4 Bb4+ 6. Bd2 Bxd2+ 7. Qxd2 d6 8. Nc3 Nf6 9. Bb5 Bd7 10. 0-0 0-0 11. e5 Ne8 12. Rfe1 a6 13. Bxc6 bxc6 14. Rad1 Be6 15. b3 Qd7 16. Qf4 f6 17. exd6 cxd6 18. d5 cxd5 19. Nxd5 Bxd5 20. Rxd5 Rf7 21. Red1 Rd8 22. h3 Re7 23. R5d2 Qc6 24. Nd4 Qe4 25. Qxe4 Rxe4 26. f3 Re3 27. Rc2 d5 28. Rc6 Rd6 29. Rc8 g6 30. Kf2 Re7 31. Rdc1 Kf7 32. Nc6 Rc7 33. Nd8+ Rxd8 34. R1xc7+ Nxc7 35. Rxd8 Ke7 36. Rh8 h5 37. Rh6 g5 38. Rxh5 Nb5 39. f4 1-0

[Event "Cerdanyola del Valles op 30th"]
[Site "Cerdanyola del Valles"]
[Date "2012.11.17"]
[Round "7"]
[White "Vazquez Gamero, Miguel"]
[Black "Amores Gago, Javier"]
[Result "1-0"]
[WhiteElo "2075"]
[BlackElo "2113"]
[PlyCount "79"]
[EventDate "2012.09.29"]
[EventType "swiss"]
[EventRounds "8"]
[EventCountry "ESP"]
[SourceTitle "EXT 2014"]
[Source "ChessBase"]
[SourceDate "2013.11.20"]
[SourceVersion "1"]
[SourceVersionDate "2013.11.20"]
[SourceQuality "1"]

1. e4 d5 2. exd5 Qxd5 3. Nc3 Qa5 4. d4 Nf6 5. Nf3 Bg4 6. Be2 Nc6 7. h3 Bxf3 8. Bxf3 0-0-0 9. Bxc6 bxc6 10. 0-0 e5 11. Bg5 exd4 12. Bxf6 gxf6 13. Ne4 Rg8 14. Nxf6 Rg6 15. Qf3 Be7 16. Qh5 Qb4 17. Qf5+ Kb7 18. Ng4 Rdg8 19. Rfe1 Bd6 20. g3 Qc4 21. Rad1 Rg5 22. Qd3 Qxd3 23. Rxd3 f5 24. Nf6 R8g6 25. h4 Rg4 26. Nxg4 Rxg4 27. Kg2 c5 28. Kf3 c4 29. Rdd1 c5 30. Re6 Kc6 31. Rf6 Rg7 32. Rxf5 Rb7 33. b3 a5 34. Rf6 cxb3 35. axb3 a4 36. bxa4 Kd5 37. a5 Ke5 38. Rh6 Rf7+ 39. Ke2 Kd5 40. c4+ 1-0

[Event "Cerdanyola del Valles op 30th"]
[Site "Cerdanyola del Valles"]
[Date "2012.10.27"]
[Round "4"]
[White "Vazquez Gamero, Miguel"]
[Black "Garcia Acosta, Roger"]
[Result "0-1"]
[WhiteElo "2075"]
[BlackElo "1956"]
[PlyCount "146"]
[EventDate "2012.09.29"]
[EventType "swiss"]
[EventRounds "8"]
[EventCountry "ESP"]
[SourceTitle "EXT 2014"]
[Source "ChessBase"]
[SourceDate "2013.11.20"]
[SourceVersion "1"]
[SourceVersionDate "2013.11.20"]
[SourceQuality "1"]

1. e4 e5 2. Nf3 Nc6 3. Bb5 a6 4. Ba4 Nf6 5. 0-0 Be7 6. Re1 b5 7. Bb3 d6 8. c3 0-0 9. h3 Na5 10. Bc2 c5 11. d4 Qc7 12. Nbd2 Nc6 13. Nf1 cxd4 14. cxd4 Nxd4 15. Nxd4 exd4 16. Bg5 h6 17. Bh4 Re8 18. Rc1 Qb6 19. Qd3 Be6 20. e5 dxe5 21. Rxe5 Rad8 22. Nd2 Bc4 23. Nxc4 bxc4 24. Qxc4 Rc8 25. Qe2 d3 26. Qxd3 Qxb2 27. Ree1 Qb5 28. Bxf6 Qxd3 29. Bxd3 Bxf6 30. Bxa6 Rxe1+ 31. Rxe1 Ra8 32. Bc4 g6 33. Re4 Kg7 34. Kf1 Bc3 35. Re7 Rf8 36. Ke2 Bf6 37. Rb7 Re8+ 38. Kd3 Re7 39. Rb5 Rd7+ 40. Bd5 Rc7 41. a4 Ra7 42. Bb3 g5 43. Ke4 Bc3 44. Kd5 Be1 45. f3 Kg6 46. Rb6+ Kg7 47. Kc6 Kg6 48. Rb7 Ra6+ 49. Kb5 Ra5+ 50. Kb6 f5 51. Re7 Bb4 52. Re6+ Kg7 53. Kb7 f4 54. Rb6 Bd2 55. Rb5 Kg6 56. Rxa5 Bxa5 57. Ka6 Bd2 58. a5 Kh5 59. Kb6 Kh4 60. a6 Kg3 61. Kb7 Be3 62. Be6 Kxg2 63. Bg4 Kg3 64. a7 Bxa7 65. Kxa7 Kh4 66. Kb6 h5 67. Be6 Kg3 68. Bf7 h4 69. Be6 Kxf3 70. Kc5 Ke3 71. Kd5 f3 72. Ke5 f2 73. Bc4 g4 0-1

[Event "Barcelona Sant Marti op-A 14th"]
[Site "Barcelona"]
[Date "2012.07.19"]
[Round "7"]
[White "Vazquez Gamero, Miguel"]
[Black "Dominguez Pons, Eric"]
[Result "0-1"]
[WhiteElo "2088"]
[BlackElo "2325"]
[PlyCount "48"]
[EventDate "2012.07.13"]
[EventType "swiss"]
[EventRounds "9"]
[EventCountry "ESP"]
[SourceTitle "CBM 149 Extra"]
[Source "ChessBase"]
[SourceDate "2012.08.24"]
[SourceVersion "1"]
[SourceVersionDate "2012.08.24"]
[SourceQuality "1"]

1. e4 c5 2. Nf3 d6 3. Bc4 e6 4. d4 cxd4 5. Nxd4 Nf6 6. Nc3 a6 7. Bg5 Be7 8. Qf3 Qa5 9. Be3 Nbd7 10. 0-0-0 Ne5 11. Qe2 Nxc4 12. Qxc4 Qc5 13. Qe2 Qc7 14. f4 b5 15. e5 dxe5 16. fxe5 Nd7 17. Bf4 Bb7 18. Rhf1 0-0-0 19. Bg3 Nc5 20. Kb1 b4 21. Na4 Nxa4 22. Rxf7 Qb6 23. Rxe7 Rxd4 24. Rxd4 Nc3+ 0-1

[Event "Barcelona Sant Marti op-A 14th"]
[Site "Barcelona"]
[Date "2012.07.17"]
[Round "5"]
[White "Franch Guiral, Ramon"]
[Black "Vazquez Gamero, Miguel"]
[Result "1/2-1/2"]
[WhiteElo "1948"]
[BlackElo "2088"]
[PlyCount "108"]
[EventDate "2012.07.13"]
[EventType "swiss"]
[EventRounds "9"]
[EventCountry "ESP"]
[SourceTitle "CBM 149 Extra"]
[Source "ChessBase"]
[SourceDate "2012.08.24"]
[SourceVersion "1"]
[SourceVersionDate "2012.08.24"]
[SourceQuality "1"]

1. e4 d5 2. exd5 Qxd5 3. Nc3 Qa5 4. Bc4 Nf6 5. d3 Bg4 6. Nge2 Nbd7 7. Bd2 c6 8. f3 Bh5 9. Nf4 e6 10. Qe2 Qe5 11. 0-0-0 Qxe2 12. Ncxe2 e5 13. Nxh5 Nxh5 14. Rhe1 Bd6 15. g4 Nhf6 16. Ng3 0-0 17. Nf5 Bc7 18. h4 a5 19. d4 exd4 20. Nxd4 Rfe8 21. Bf1 Ne5 22. Be2 Nd5 23. h5 g6 24. f4 Bb6 25. c3 Nd7 26. hxg6 hxg6 27. Bf3 Bc7 28. Bxd5 cxd5 29. Rg1 Re4 30. Rde1 Rae8 31. Rxe4 Rxe4 32. Rf1 Bb6 33. Re1 Nf6 34. g5 Rxe1+ 35. Bxe1 Nh5 36. Bd2 Kf8 37. Kc2 Ke7 38. Kd3 Ng3 39. Be3 Kd7 40. c4 Bxd4 41. Bxd4 dxc4+ 42. Kxc4 Kc6 43. a4 Nf5 44. Bc3 Nd6+ 45. Kd4 b5 46. Bxa5 bxa4 47. Bb4 Ne8 48. Ke5 Kb5 49. Ba3 Kc4 50. Ke4 Ng7 51. Bd6 Ne6 52. Ke5 Ng7 53. Ke4 Ne8 54. Be5 Kc5 1/2-1/2

[Event "Sant Adria de Besos op 08th"]
[Site "Sant Adria de Besos"]
[Date "2012.05.13"]
[Round "5"]
[White "Rodriguez Regull, German"]
[Black "Vazquez Gamero, Miguel"]
[Result "0-1"]
[WhiteElo "2025"]
[BlackElo "2087"]
[PlyCount "84"]
[EventDate "2012.04.15"]
[EventType "swiss"]
[EventRounds "9"]
[EventCountry "ESP"]
[SourceTitle "CBM 148 Extra"]
[Source "ChessBase"]
[SourceDate "2012.06.22"]
[SourceVersion "1"]
[SourceVersionDate "2012.06.22"]
[SourceQuality "1"]

1. Nf3 Nf6 2. b4 e6 3. a3 c5 4. bxc5 Bxc5 5. e3 Nc6 6. d4 Be7 7. Bd3 0-0 8. 0-0 d5 9. Nbd2 b6 10. Bb2 Bb7 11. c4 Rc8 12. Rc1 dxc4 13. Nxc4 Qd5 14. Qe2 Rfd8 15. Rfd1 Na5 16. Nxa5 Qxa5 17. e4 h6 18. Ne5 b5 19. Ra1 Qb6 20. Rab1 Qa5 21. Ra1 a6 22. Ng4 Qa4 23. d5 exd5 24. Nxf6+ Bxf6 25. Bxf6 gxf6 26. Qg4+ Kf8 27. f3 Qd4+ 28. Kh1 dxe4 29. fxe4 Qe3 30. Bf1 Qxe4 31. Qh3 Qg6 32. Bd3 Qg5 33. Bf1 Rxd1 34. Rxd1 Rc2 35. Kg1 Kg7 36. Re1 h5 37. Be2 Bd5 38. Bf3 Rc1 39. Rxc1 Qxc1+ 40. Kf2 Qd2+ 41. Kg3 Qe1+ 42. Kf4 Qe5# 0-1

[Event "Sant Adria de Besos op 08th"]
[Site "Sant Adria de Besos"]
[Date "2012.04.29"]
[Round "3"]
[White "Capellades Subirana, Marc"]
[Black "Vazquez Gamero, Miguel"]
[Result "1-0"]
[WhiteElo "2266"]
[BlackElo "2087"]
[PlyCount "41"]
[EventDate "2012.04.15"]
[EventType "swiss"]
[EventRounds "9"]
[EventCountry "ESP"]
[SourceTitle "CBM 148 Extra"]
[Source "ChessBase"]
[SourceDate "2012.06.22"]
[SourceVersion "1"]
[SourceVersionDate "2012.06.22"]
[SourceQuality "1"]

1. e4 d5 2. exd5 Nf6 3. Nc3 Nxd5 4. Bc4 Be6 5. Bb3 Nxc3 6. bxc3 Bxb3 7. axb3 e5 8. Qe2 Qd5 9. Nf3 Bd6 10. d4 0-0 11. c4 Qc6 12. dxe5 Re8 13. 0-0 Nd7 14. Bb2 Nxe5 15. Nxe5 Bxe5 16. Bxe5 f6 17. f4 fxe5 18. fxe5 Qc5+ 19. Kh1 Rxe5 20. Qf3 Rae8 21. Ra5 1-0

[Event "Cerdanyola del Valles op-A 29th"]
[Site "Cerdanyola del Valles"]
[Date "2011.10.22"]
[Round "4"]
[White "Vazquez Gamero, Miguel"]
[Black "Palacin Martin, Ricardo"]
[Result "0-1"]
[WhiteElo "2095"]
[BlackElo "2073"]
[PlyCount "76"]
[EventDate "2011.10.01"]
[EventType "swiss"]
[EventRounds "8"]
[EventCountry "ESP"]
[SourceTitle "EXT 2013"]
[Source "ChessBase"]
[SourceDate "2012.11.22"]
[SourceVersion "1"]
[SourceVersionDate "2012.11.22"]
[SourceQuality "1"]

1. e4 e5 2. Nf3 Nc6 3. Bb5 Nge7 4. 0-0 d6 5. d4 Bd7 6. Bc4 h6 7. Be3 Ng6 8. c3 Be7 9. b4 0-0 10. Qb3 Qe8 11. Nbd2 Kh8 12. Bd5 Nd8 13. dxe5 dxe5 14. Rad1 Ba4 15. Qb2 Bxd1 16. Rxd1 Qd7 17. Bb3 Qg4 18. h3 Qc8 19. Nf1 Ne6 20. Ng3 Rd8 21. Nf5 Rxd1+ 22. Bxd1 Qd7 23. Bb3 b6 24. h4 f6 25. g3 Rd8 26. h5 Ngf8 27. N3h4 c5 28. Qc1 Ng5 29. Nxe7 Qxe7 30. bxc5 bxc5 31. Nf5 Qe8 32. g4 Nfe6 33. Nh4 Nf4 34. Bxf4 exf4 35. Ng6+ Kh7 36. Nxf4 Qe5 37. Kf1 Nf3 38. Kg2 Nd2 0-1